Combined minimally invasive supraciliary and transfacial approach for large tumors with skull base and sinonasal involvement

Elmentve itt :
Bibliográfiai részletek
Szerzők: Barzó Pál
Zádor Zsolt
Bodosi Mihály
Bella Zsolt
Jámbor Dániel
Fülöp Béla
Czigner Jenő
Dokumentumtípus: Cikk
Megjelent: 2018
Sorozat:WORLD NEUROSURGERY 109
doi:10.1016/j.wneu.2017.08.162

mtmt:3262822
Online Access:http://publicatio.bibl.u-szeged.hu/16626
LEADER 00911nab a2200265 i 4500
001 publ16626
005 20190904110857.0
008 190904s2018 hu o 0|| zxx d
022 |a 1878-8750 
024 7 |a 10.1016/j.wneu.2017.08.162  |2 doi 
024 7 |a 3262822  |2 mtmt 
040 |a SZTE Publicatio Repozitórium  |b hun 
041 |a zxx 
100 1 |a Barzó Pál 
245 1 0 |a Combined minimally invasive supraciliary and transfacial approach for large tumors with skull base and sinonasal involvement  |h [elektronikus dokumentum] /  |c  Barzó Pál 
260 |c 2018 
300 |a 1-9 
490 0 |a WORLD NEUROSURGERY  |v 109 
700 0 1 |a Zádor Zsolt  |e aut 
700 0 1 |a Bodosi Mihály  |e aut 
700 0 1 |a Bella Zsolt  |e aut 
700 0 1 |a Jámbor Dániel  |e aut 
700 0 1 |a Fülöp Béla  |e aut 
700 0 1 |a Czigner Jenő  |e aut 
856 4 0 |u http://publicatio.bibl.u-szeged.hu/16626/1/Combinedminimally.pdf  |z Dokumentum-elérés